01727nam a2200289 a 4500008004100000020001500041050001700056100001600073245009900089260005000188300002400238350000900262500027100271650003600542650001400578650006200592650004800654650003900702650004600741700003200787700002700819995015100846995015100997999001701148952013601165952013601301060424s1995 ||||||||||||||||| || u a9280808818 aHC 79.D4 Arm aLo, Fu-chen10aArms reduction : economic implications in the post-Cold War era /cedited by R. Lawrence Klein aTokyo:bUnited Nations University Pressc1995 avii, 384 p. : ill.  a0.00 a"Based on the proceedings of the 1992 Tokyo Conference on 'Arms Reduction and Economic Development in the Post-Cold War Era' - the second in a series of UNU conferences on Future Global Change and Modelling"--Note to the reader. -Includes bibliographical references. aECONOMIC CONVERSION--CONGRESSES 0aECONOMICS aARMED FORCES--APPROPRIATIONS AND EXPENDITURES--CONGRESSES aARMS CONTROL-- ECONOMIC ASPECTS--CONGRESSES aECONOMIC POLICY--POST WORLDWAR ERA aDISARMAMENT--ECONOMIC ASPECTS--CONGRESSES aMcKibbin, Warwick J., 1957- aKlein, Lawrence Robert aMAIN LIBRARY OPEN ACCESSD0.00e731402FCBU-MAIN LIBRARY (Kitwe)H1I0.00jHC 79.D4 ArmM1UAVAILABLEy028672ZMain Library Open Access Collection aMAIN LIBRARY OPEN ACCESSD0.00e733549FCBU-MAIN LIBRARY (Kitwe)H2I0.00jHC 79.D4 ArmM2UAVAILABLEy045316ZMain Library Open Access Collection c84364d84364 00102lcc4070a001b001cMain Library Open Access Collectiond2024-01-25l0oHC 79.D4 Armp028672r2024-01-25t1w2024-01-25y002 00102lcc4070a001b001cMain Library Open Access Collectiond2024-01-25l0oHC 79.D4 Armp045316r2024-01-25t2w2024-01-25y002